| 000 | 00000cam 2200000zi 4500 |
| 001 | 9.962548 |
| 003 | CaOODSP |
| 005 | 20260508073857 |
| 006 | m o d f |
| 007 | cr mn||||||||| |
| 008 | 260504t19971996nscb ob f000 0 eng d |
| 040 | |aCaOODSP|beng|erda|cCaOODSP |
| 041 | 0 |aeng|beng|bfre |
| 043 | |an-cn-ns|aln----- |
| 086 | 1 |aFs97-4/2410E-PDF|zFs97-4/2410E |
| 100 | 1 |aHunter, C. M., |eauthor. |
| 245 | 12|aA database for research survey and commercial fishery data on Scotian Shelf shrimp (Pandalus borealis) / |cby C.M. Hunter and P.A. Koeller. |
| 264 | 1|aHalifax, Nova Scotia : |bScience Branch, Maritimes Region, Invertebrate Fisheries Division, Department of Fisheries and Oceans, |c1997. |
| 264 | 4|c©1996 |
| 300 | |a1 online resource (iv, 34 pages) : |bmap. |
| 336 | |atext|btxt|2rdacontent |
| 337 | |acomputer|bc|2rdamedia |
| 338 | |aonline resource|bcr|2rdacarrier |
| 490 | 1 |aCanadian manuscript report of fisheries and aquatic sciences, |y0706-6473 ; |v2410 |
| 500 | |aDigitized edition from print [produced by Department of Fisheries and Oceans]. |
| 504 | |aIncludes bibliographical references (page 28). |
| 520 | 3 |a"A database designed for the efficient storage and retrieval of shrimp research survey and commercial data from the Scotian Shelf is described. The database ("SHRDATA") utilizes ORACLE, a commercially available relational database management system. SHRDATA consists of four tables containing information from 1. survey stations (catch, locations, etc.), 2. survey trawl mensurations (e.g. from SCANMAR instruments), 3. observations on individual shrimp sampled from survey and commercial catches, and 4. commercial fishing logs. The tables can be updated from raw data files or interactively using "forms". A set of Structured Query Language (SQL) command files allow retrieval of data in various ways for research and assessment purposes"--Abstract, page iv. |
| 546 | |aIncludes abstracts in English and French. |
| 650 | 0|aPandalus borealis|zScotian Shelf|xDatabases. |
| 650 | 0|aPandalus borealis fisheries|zScotian Shelf|xDatabases. |
| 650 | 0|aShrimp surveys|zScotian Shelf|xDatabases. |
| 650 | 6|aCrevette nordique|zNéo-écossaise, Plateforme|xBases de données. |
| 650 | 6|aCrevette nordique|xPêche commerciale|zNéo-écossaise, Plateforme|xBases de données. |
| 650 | 6|aCrevettes|xInventaires|zNéo-écossaise, Plateforme|xBases de données. |
| 710 | 1 |aCanada. |bDepartment of Fisheries and Oceans, |eissuing body. |
| 710 | 1 |aCanada. |bDepartment of Fisheries and Oceans. |bMaritimes Region. |bInvertebrate Fisheries Division, |eissuing body. |
| 830 | #0|aCanadian manuscript report of fisheries and aquatic sciences ;|v2410.|w(CaOODSP)9.505211 |
| 856 | 40|qPDF|s1.40 MB|uhttps://publications.gc.ca/collections/collection_2026/mpo-dfo/fs97-4/Fs97-4-2410-eng.pdf |